| 000 | 00426nam a22001577a 4500 | ||
|---|---|---|---|
| 008 | 250617b |||||||| |||| 00| 0 eng d | ||
| 020 | _a9783720325 | ||
| 050 |
_aHG 3851 _b.O 34 |
||
| 100 | _aOdekunle, adefutu | ||
| 245 | _aFinance of International Trade with Revision Question & Answers | ||
| 250 | _a4th | ||
| 260 |
_aNigeria _bWinWord Associates _c2021 |
||
| 300 | _a394p | ||
| 650 | _aForeign exchange | ||
| 942 | _cBK | ||
| 999 |
_c3869 _d3869 |
||